China- Regions and Capitals - Statistics

General Stats
  • This quiz has been taken 65 times
  • The average score is 35 of 60
Answers on the Map
Answers color-coded by a green-red scale on the quiz's map according to % correct below.
 
Answer Stats
Answer % Correct
Hong Kong
100%
Tibet
100%
Beijing
94%
Shanghai
94%
Guangdong
88%
Inner Mongolia
88%
Chongqing
81%
Hainan
81%
Macau
81%
Xinjiang Uyghur
81%
Yunnan
81%
Guangzhou
75%
Hebei
75%
Hubei
75%
Shaanxi
75%
Shanxi
75%
Sichuan
75%
Ürümqi
75%
Wuhan
75%
Gansu
69%
Hunan
69%
Lhasa
69%
Nanjing
69%
Shandong
69%
Tianjin
69%
Anhui
63%
Guangxi
63%
Fujian
56%
Henan
56%
Jilin
56%
Ningxia
56%
Qinghai
56%
Xi'an
56%
Harbin
50%
Jiangsu
50%
Kunming
50%
Zhejiang
50%
Chengdu
44%
Hangzhou
44%
Jiangxi
44%
Liaoning
44%
Shenyang
44%
Shijiazhuang
44%
Changchun
38%
Changsha
38%
Fuzhou
38%
Guizhou
38%
Haikou
38%
Heilongjiang
38%
Hohhot
38%
Nanchang
38%
Nanning
38%
Taiyuan
38%
Guiyang
31%
Hefei
31%
Jinan
31%
Lanzhou
25%
Xining
25%
Zhengzhou
25%
Yinchuan
19%
No matching quizzes found
Score Distribution
Percent of People with Each Score
Percentile by Number Answered
Your Score History
You have not taken this quiz